Province che confinano con la Città metropolitana di Torino - Statistics

Statistiche generali
  • Questo quiz è stato fatto 44 volte
  • Il punteggio medio è 6 su 6
Statistiche sulle risposte
Regione Provincia % Corretto
Valle d'Aosta Provincia di Aosta
100%
Piemonte Provincia di Cuneo
100%
Piemonte Provincia di Asti
97%
Piemonte Provincia di Vercelli
95%
Piemonte Provincia di Alessandria
92%
Piemonte Provincia di Biella
92%
Nessun quiz corrispondente trovato
Distribuzione punteggi
Percentuale di utenti per punteggio
Percentile per numero di risposta
I tuoi punteggi nel tempo
Non hai fatto questo quiz